Postharvest biology and technology of fruits, vegetables, and flowers

Uloženo v:
Podrobná bibliografie
Hlavní autoři: Paliyath, Gopinadhan (Autor), Murr, Dennis P (Autor), Handa, Avtar K (Autor), Lurie, Susan (Autor)
Médium: Kniha
Jazyk:angličtina
Vydáno: Iowa City Wiley-Blackwell 2008
Vydání:1a. ed
Témata:
Tagy: Přidat tag
Žádné tagy, Buďte první, kdo vytvoří štítek k tomuto záznamu!

MARC

LEADER 00000cam a2200000 a 4500
001 UCH5152
003 CL-VaPUC
005 20230811132419.0
008 091001e20080000US |||||||||||||||||eng|d
999 |c 336342  |d 336340 
020 |a 9780813804088 
040 |c Pontificia Universidad Católica de Valparaíso 
082 0 4 |a 631.56  |b PAL  |2 21 
100 0 |a Paliyath, Gopinadhan  |e author  |9 541355 
245 1 0 |a Postharvest biology and technology of fruits, vegetables, and flowers 
250 |a 1a. ed 
260 |a Iowa City  |b Wiley-Blackwell  |c 2008 
300 |a 482 p 
583 |a last modification  |c 20120328 02:10:41  |k Rodrigo Vera 
650 0 |a Frutas  |9 259500  |v Manual  |x Maduración  |x Poscosecha  |x Tecnología poscosecha  |x Biología y tecnología 
650 0 |a Vegetales  |9 264557  |v Manual  |x Poscosecha  |x Tecnología poscosecha  |x Biología y tecnología 
650 0 |a Flores  |9 310803  |v Manual  |x Poscosecha  |x Tecnología poscosecha  |x Biología y tecnología 
650 0 |a Tecnología poscosecha  |v Manual  |x Tecnología postcosecha  |9 884146 
700 0 |a Murr, Dennis P  |e author  |9 541356 
700 0 |a Handa, Avtar K  |e author  |9 541357 
700 0 |a Lurie, Susan  |e author  |9 541358 
942 |c BK  |2 ddc 
945 |d 20091001 00:00:00  |a rbrito 
952 |0 0  |1 0  |4 0  |6 631_560000000000000_PAL_2008  |7 0  |8 A  |9 427505  |a BIBAGR  |b BIBAGR  |d 2019-11-22  |i 4604156  |o 631.56 PAL 2008  |p 4604156  |r 2025-01-20  |w 2019-11-22  |y BK  |k AGR 
952 |0 0  |1 0  |4 0  |6 631_560000000000000_PAL_2008  |7 0  |8 A  |9 427506  |a BIBALI  |b BIBALI  |c GEN  |d 2019-11-22  |i 4853598  |o 631.56 PAL 2008  |p 4853598  |r 2025-01-20  |w 2019-11-22  |y BK  |k ALI